000 00841nam a22001937a 4500
999 _c63609
_d63609
003 Ge_BSU
005 20251114141152.0
008 251114s1972 ge ||||| |||| 00| 0 geo d
041 _ageo
080 _a908(474.5) დ-72
100 _aდოლიძე, კარლო
_926228
245 _aსაბჭოთა ლიტვა /
_cკ. დოლიძე; რედ. ა. ირემაძე.
264 _aთბ. :
_bსაბჭ. საქართველო,
_c1972.
300 _a48გვ. ;
_b16სმ.
490 _aთავისუფალ ერთა მძლე კავშირი ძმური
653 _aკომუნისტური მშენებლობა ლიტვაში
700 _aირემაძე, ა.
_eრედაქტორი
_926231
942 _2udc
_cᲬᲘᲒᲜᲘ